Prolegomena to any future metaphysics that will be able to present itself as a science
Gespeichert in:
| Format: | Buch |
|---|---|
| Sprache: | Englisch |
| Veröffentlicht: |
Londres
Manchester University
1953
|
| Schriftenreihe: | Philosophical Classics
|
| Schlagworte: | |
| Tags: |
Tag hinzufügen
Keine Tags, Fügen Sie den ersten Tag hinzu!
|
MARC
| LEADER | 00000nam a2200000 a 4500 | ||
|---|---|---|---|
| 001 | UCZ3022 | ||
| 003 | CL-VaPUC | ||
| 005 | 20210515001802.0 | ||
| 008 | 951013e19530000UK |||||||||||||||||eng|d | ||
| 999 | |c 239552 |d 239550 | ||
| 040 | |c Pontificia Universidad Católica de Valparaíso | ||
| 082 | 0 | 4 | |a 142.3 |b KAN |2 21 |
| 245 | 1 | 0 | |a Prolegomena to any future metaphysics that will be able to present itself as a science |
| 260 | |a Londres |b Manchester University |c 1953 | ||
| 300 | |a 155 p | ||
| 490 | 0 | |a Philosophical Classics | |
| 583 | |a last modification |c 19951013 00:00:00 |k Rodrigo Vera | ||
| 650 | 0 | |a Metafísica |9 265649 | |
| 650 | 0 | |a Filosofía de las ciencias |9 256466 | |
| 650 | 0 | |a Razón |9 314475 | |
| 852 | |a BIBCUR | ||
| 942 | |c BK |2 ddc | ||
| 945 | |d 19951013 00:00:00 |a cmena | ||
| 952 | |0 0 |1 0 |4 0 |6 142_300000000000000_KAN_1953 |7 0 |8 P |9 250788 |a BIBEDU |b BIBEDU |c BIBEDU_PB |d 2019-11-18 |i 1582992 |o 142.3 KAN 1953 |p 1582992 |r 2024-01-25 |w 2019-11-18 |y BK |k FIL | ||